[Event "Independence Cup"]
[Site "Kyiv UKR"]
[Date "2003.08.23"]
[Round "11"]
[White "Ianov,V"]
[Black "Iljin,T"]
[Result "0-1"]
[WhiteElo "2425"]
[BlackElo "2175"]

1.Nf3 d5 2.g3 c6 3.Bg2 Bg4 4.h3 Bh5 5.O-O Nf6 6.d3 Nbd7 7.Nbd2 e5 8.e4 dxe4
9.dxe4 Be7 10.Qe1 O-O 11.Nh4 Re8 12.Ndf3 Qc7 13.Nf5 Bf8 14.Bg5 h6 15.Bd2 Bg6
16.N3h4 Bh7 17.b4 c5 18.c3 Nb6 19.Qe2 cxb4 20.cxb4 Qc4 21.Qf3 Qe6 22.Qe2 g5
23.Nf3 Nxe4 24.Qxe4 Bxf5 25.Qxb7 Bxh3 26.Bxh3 Qxh3 27.Rac1 e4 28.Nh2 Rad8
29.Rc2 Rd7 30.Qa6 Nd5 31.Qb5 e3 32.Bxe3 Nxe3 33.fxe3 Rxe3 34.g4 Rg3+ 35.Kh1 Rxg4
36.a3 Rgd4 37.Qe2 Bd6 38.Qe8+ Kg7 39.Rcf2 Rf4 40.Qe2 Rxf2 41.Rxf2 Bf4 42.Qb2+ Kg8
43.Qe2 Bxh2  0-1

[Event "TCh-BIH"]
[Site "Neum BIH"]
[Date "2003.08.23"]
[Round "1"]
[White "Muratovic,Ef"]
[Black "Bratic,I"]
[Result "1-0"]
[WhiteElo "2360"]
[BlackElo "2220"]

1.Nf3 d5 2.g3 c6 3.Bg2 Bg4 4.O-O Nd7 5.d4 Ngf6 6.Nbd2 e6 7.c4 Be7 8.b3 O-O
9.Bb2 a5 10.h3 Bh5 11.a3 Qb6 12.Ne5 Nxe5 13.dxe5 Nd7 14.g4 Bg6 15.Qc1 Rfd8
16.Kh1 Nc5 17.cxd5 cxd5 18.Bd4 Qb5 19.Qc3 Rac8 20.Qe3 h6 21.Rfc1 Nd7 22.Rc3 Bg5
23.f4 Rxc3 24.Bxc3 Be7 25.a4 Qa6 26.Nf3 Be4 27.Bd4 b6 28.Rc1 Ba3 29.Rc7 Bc5
30.f5 exf5 31.g5 Bxf3 32.Bxf3 Bxd4 33.Qxd4 Nf8 34.gxh6 Ne6 35.Qh4 g5 36.Qh5 Rf8
37.Bxd5 b5 38.axb5 Qb6 39.Bxe6 Qxe6 40.Qxg5+ Qg6 41.Qxg6+ fxg6 42.b6  1-0

[Event "14th Sommerpokal"]
[Site "Recklinghausen GER"]
[Date "2003.08.23"]
[Round "6"]
[White "Konietzka,L"]
[Black "Bischof,R"]
[Result "1/2-1/2"]
[WhiteElo "2093"]
[BlackElo "2018"]

1.Nf3 d5 2.g3 Nf6 3.Bg2 Bg4 4.c4 c6 5.cxd5 cxd5 6.Ne5 Bd7 7.Nc3 Nc6 8.d4 e6
9.O-O Be7 10.Bf4 O-O 11.Qd2 Qb6 12.Na4 Qd8 13.Nc5 Nxe5 14.Bxe5 b6 15.Nd3 Bb5
16.Rac1 Bd6 17.Rc2 Bxd3 18.Qxd3 Bxe5 19.dxe5 Nd7 20.Qd4 Rc8 21.Rfc1 Rxc2
22.Rxc2 g6 23.e4 Qb8 24.exd5 exd5 25.f4 Rc8 26.Rd2 Qc7 27.Bxd5 Nf8 28.Bb3 Ne6
29.Bxe6 fxe6 30.Kf2 Qc1 31.Qd7 Rc2 32.Qxe6+ Kg7 33.Qf6+ Kh6 34.Qh4+ Kg7 35.Qe7+ Kh6
36.Qf8+ Kh5 37.Rxc2 Qxc2+ 38.Kf3 Qd3+ 39.Kf2 Qd2+ 40.Kf3 Qd3+ 41.Kf2 Qd2+
42.Kf3 Qd3+  1/2-1/2

[Event "ADCF Masters"]
[Site "Abu Dhabi UAE"]
[Date "2003.08.24"]
[Round "8"]
[White "Dizdar,G"]
[Black "Barsov,A"]
[Result "1/2-1/2"]
[WhiteElo "2525"]
[BlackElo "2526"]

1.Nf3 d5 2.g3 Bg4 3.Bg2 e6 4.c4 c6 5.O-O Bd6 6.d3 Ne7 7.h3 Bh5 8.cxd5 cxd5
9.Qb3 Qd7 10.Nc3 Nbc6 11.e3  1/2-1/2

[Event "ADCF Masters"]
[Site "Abu Dhabi UAE"]
[Date "2003.08.24"]
[Round "8"]
[White "Jasim,A"]
[Black "Coleman,J"]
[Result "0-1"]
[WhiteElo "2318"]
[BlackElo "2211"]

1.Nf3 d5 2.g3 Nf6 3.Bg2 c6 4.O-O Bf5 5.d3 e6 6.c4 dxc4 7.dxc4 Qxd1 8.Rxd1 Bc2
9.Rd2 Bg6 10.b4 Nbd7 11.Rb2 Bd6 12.Nbd2 O-O 13.a4 Rac8 14.c5 Bc7 15.Nc4 Be4
16.Ra3 Bd5 17.Nfd2 Bxg2 18.Kxg2 a5 19.b5 Nxc5 20.b6 Bb8 21.Nb3 Nxb3 22.Raxb3 Rfd8
23.Nxa5 Rd7 24.Rd2 Rcd8 25.Rbd3 Nd5 26.Nc4 Kf8 27.Ba3+ Ke8 28.Kg1 Nc3 29.Rxd7 Rxd7
30.Rxd7 Kxd7 31.a5 Nxe2+ 32.Kf1 Nd4 33.Bb2 c5 34.Bxd4 cxd4 35.Ke2 Kc6 36.Kd3 Kd5
37.Na3 e5 38.Nb5 e4+ 39.Kd2 f5 40.Na7 g5 41.Nc8 f4 42.Ne7+ Kc5 43.Ng8 e3+
44.fxe3 dxe3+ 45.Kd3 fxg3 46.hxg3 Bxg3  0-1

[Event "Acropolis Open"]
[Site "Athens GRE"]
[Date "2003.08.25"]
[Round "1"]
[White "Ntatsis,G"]
[Black "Karayannis,A"]
[Result "0-1"]
[WhiteElo "2090"]
[BlackElo "2358"]

1.Nf3 d5 2.g3 g6 3.Bg2 Bg7 4.d3 e5 5.O-O Ne7 6.Nbd2 O-O 7.e4 h6 8.Re1 d4
9.c3 Nbc6 10.cxd4 Nxd4 11.Nxd4 Qxd4 12.Nb3 Qd8 13.Be3 Nc6 14.Qd2 h5 15.Rad1 a5
16.a4 Bg4 17.f3 Be6 18.Nc5 Bc8 19.Nb3 Bd7 20.Nc5 b6 21.Nxd7 Qxd7 22.f4 Rad8
23.f5 Nb4 24.Rf1 Qxd3 25.Qc1 Qc2 26.Rxd8 Rxd8 27.fxg6 fxg6 28.Bg5 Rf8 29.Bh3 Rxf1+
30.Qxf1 Qc5+ 31.Kh1 Qc6 32.Qf3 Nc2 33.Qb3+ Kh7 34.Bg2 Nd4 35.Qf7 Qxa4 36.h3 Qd1+
37.Kh2 Qb3 38.Qxc7 Ne6 39.Qe7 Nxg5 40.Qxg5 Qxb2 41.g4 Qe2 42.gxh5 Qxh5 43.Qd8 a4
44.Qxb6 Qg5 45.Qa7 Qf4+ 46.Kg1 Qc1+ 47.Kh2 a3 48.h4 Qb2 49.Qf7 Qe2 50.Kh3 a2
51.Bf3 Qf1+ 52.Kg4 Qg1+ 53.Kh3 a1=Q 54.h5 Qaf1+  0-1

[Event "ch-ISL"]
[Site "Hafnarborg ISL"]
[Date "2003.08.25"]
[Round "2"]
[White "Bjarnason,S"]
[Black "Asmundsson,I"]
[Result "1-0"]
[WhiteElo "2269"]
[BlackElo "2321"]

1.Nf3 d5 2.g3 e6 3.Bg2 f5 4.O-O Nf6 5.d3 Be7 6.Nbd2 O-O 7.b3 c5 8.Bb2 Nc6
9.e3 Bd7 10.Qe2 Be8 11.c4 Bh5 12.Rfd1 Rc8 13.Rac1 Qa5 14.a3 b5 15.d4 bxc4
16.dxc5 Ne4 17.bxc4 Qa6 18.Qf1 dxc4 19.Qxc4 Qxc4 20.Nxc4 Nxc5 21.Nd6 Bxd6
22.Rxd6 Na5 23.h3 Nab7 24.Rd2 Rcd8 25.Rxd8 Rxd8 26.Bc3 Nd3 27.Rb1 Nbc5 28.Bd4 Rd7
29.Ng5 Rd8 30.Rb5 Rc8 31.Bf1 h6 32.Nxe6 Nxe6 33.Bxd3 Rc1+ 34.Kg2 Nxd4 35.exd4 Rc3
36.Rb8+ Kf7 37.Rb3 Rxb3 38.Bc4+ Ke7 39.Bxb3 g5 40.f4 gxf4 41.gxf4 Be8 42.Kf2 Kd6
43.Ke3 Bc6 44.Bc2 Bd7 45.Kd3 Be6 46.Kc3 Bc8 47.Kc4 Ba6+ 48.Kb4 Bc8 49.Bb3 Bb7
50.Kb5 Bc8 51.Bc4 Bb7 52.Bb3 Bc8 53.h4 Bb7 54.Ba2 Bc8 55.Bc4 Bb7 56.Bf1 Be4
57.Bc4 Bb7 58.a4 Bc8 59.a5 Bb7 60.Bf1 Be4 61.Ka6 Kd5 62.Kxa7 Kxd4 63.Kb8 Ke3
64.a6 Kxf4 65.a7 Kg3 66.Ba6 f4 67.Bb7 Bxb7 68.Kxb7 f3 69.a8=Q f2 70.Qg8+ Kh2
71.Qf7 Kg1 72.Qg6+ Kh2 73.Qf5 Kg2 74.Qg4+ Kh2 75.Qf3 Kg1 76.Qg3+ Kf1 77.Kc6 h5
78.Kd5 Ke2 79.Ke4 f1=Q 80.Qd3+  1-0

[Event "TCh-BIH"]
[Site "Neum BIH"]
[Date "2003.08.26"]
[Round "6"]
[White "Muratovic,Ef"]
[Black "Kovacevic,B"]
[Result "1-0"]
[WhiteElo "2360"]
[BlackElo "2454"]

1.Nf3 d5 2.g3 Nf6 3.Bg2 e6 4.O-O Be7 5.d3 b6 6.c4 Bb7 7.cxd5 exd5 8.Nc3 O-O
9.Bf4 c6 10.Nd4 g6 11.e4 Na6 12.e5 Nh5 13.Bh6 Ng7 14.Qd2 Nc7 15.Nce2 c5 16.Nc2 f6
17.exf6 Bxf6 18.d4 Nce6 19.Rad1 cxd4 20.Nexd4 Nxd4 21.Nxd4 Qd7 22.Bg5 Rad8
23.h4 Bxg5 24.Qxg5 Nf5 25.Rfe1 Nxd4 26.Rxd4 Qg7 27.Re5 Kh8 28.Qe3 Bc6 29.Re7 Rf7
30.Re6 Rf6 31.Re5 Rff8 32.h5 Rfe8 33.Rxe8+ Rxe8 34.h6 Qf6 35.Rf4 Qd6 36.Qd4+  1-0

[Event "II American Continental"]
[Site "Buenos Aires ARG"]
[Date "2003.08.27"]
[Round "9"]
[White "Urchipia,C"]
[Black "Marcolino,D"]
[Result "1/2-1/2"]
[WhiteElo "2173"]
[BlackElo "2055"]

1.Nf3 d5 2.g3 Nf6 3.Bg2 Bg4 4.c4 c6 5.Qb3 Qb6 6.Qxb6 axb6 7.Ne5 Be6 8.d3 g6
9.Nc3 Bg7 10.cxd5 Nxd5 11.Nxd5 Bxd5 12.Bxd5 cxd5 13.Nf3 Nc6 14.a3 b5 15.Rb1 Na5
16.Bd2 Nb3 17.Bb4 Rc8 18.e3 Nc5 19.Ke2 Na4 20.Rhc1 Kd7 21.e4 Rxc1 22.Rxc1 Nxb2
23.Rc5 e6 24.Rxb5 Kc6 25.Rc5+ Kd7 26.Rb5 Kc6 27.Rc5+ Kd7  1/2-1/2

[Event "II American Continental"]
[Site "Buenos Aires ARG"]
[Date "2003.08.27"]
[Round "9"]
[White "Claverie,R"]
[Black "Dos Santos,F"]
[Result "1-0"]
[WhiteElo "2303"]
[BlackElo "2193"]

1.Nf3 d5 2.g3 c6 3.Bg2 Bf5 4.O-O Qc8 5.c4 dxc4 6.a4 Bh3 7.Qc2 Bxg2 8.Kxg2 Qe6
9.Na3 Nd7 10.Nxc4 Nb6 11.Na5 Qd7 12.Nb3 e6 13.a5 Nd5 14.a6 b6 15.d4 Nb4 16.Qc4 b5
17.Qc3 Nf6 18.Nc5 Bxc5 19.dxc5 Nbd5 20.Qc2 O-O 21.e4 Nc7 22.Bg5 h6 23.Ne5 Qe8
24.Bxf6 gxf6 25.Ng4 Kg7 26.Qc1 Rh8 27.Nxf6 Kxf6 28.Qf4+ Kg7 29.Qe5+ Kg8 30.Qxc7 Rh7
31.Qe5 Qe7 32.Rfd1 Rg7 33.Qd6 Qe8 34.e5 Rg4 35.f4 Kh8 36.Rd4 Qg8 37.Rad1 h5
38.Qd8 Kh7 39.Qxa8 Qxa8 40.Rd8 Rg8 41.Rxa8 Rxa8 42.Rd7 Kg6 43.b4 f6 44.Re7 fxe5
45.Rxe6+ Kf7 46.Rxc6 exf4 47.gxf4 Ke7 48.Rh6 Rd8 49.Rh7+ Ke6 50.Rxa7 Rd2+
51.Kf3 Rd3+ 52.Ke2 Rh3 53.Ra8 Rxh2+ 54.Kf3 Ra2 55.a7 Kd7 56.Rh8 Ra3+ 57.Ke4  1-0

[Event "II American Continental"]
[Site "Buenos Aires ARG"]
[Date "2003.08.28"]
[Round "10"]
[White "Fiorito,F"]
[Black "Estrada Nieto,J"]
[Result "1-0"]
[WhiteElo "2422"]
[BlackElo "2332"]

1.Nf3 d5 2.g3 Nf6 3.Bg2 Bg4 4.O-O c6 5.d3 e6 6.Nbd2 Be7 7.b3 O-O 8.Bb2 a5
9.a3 Nbd7 10.h3 Bh5 11.e4 a4 12.b4 c5 13.b5 Nb6 14.g4 Bg6 15.Ne5 Nfd7 16.Nxg6 hxg6
17.f4 g5 18.f5 Bf6 19.Bxf6 Qxf6 20.Kh1 d4 21.Nf3 exf5 22.gxf5 Ne5 23.Nxe5 Qxe5
24.f6 g6 25.Qg4 Rfd8 26.h4 gxh4 27.Qxh4 Rd6 28.Bh3 Ra5 29.Rf5 gxf5 30.Rg1+  1-0

[Event "ch-FRA w"]
[Site "Aix les Bains FRA"]
[Date "2003.08.29"]
[Round "11"]
[White "Bonnafous,N"]
[Black "Verot,M"]
[Result "1-0"]
[WhiteElo "2099"]
[BlackElo "2099"]

1.Nf3 d5 2.g3 c5 3.Bg2 Nc6 4.d3 e5 5.O-O Nf6 6.Nbd2 Be7 7.e4 d4 8.h3 O-O
9.Ne1 Ne8 10.f4 f5 11.exf5 exf4 12.g4 g6 13.Ne4 gxf5 14.gxf5 Bxf5 15.Bxf4 Nc7
16.Bxc7 Qxc7 17.Rxf5 Kh8 18.Rxf8+ Rxf8 19.Nf3 Nb4 20.Nfg5 Rg8 21.Qh5 Bxg5
22.Nxg5 Nxc2 23.Rf1 Qd8  1-0

[Event "TCh-BIH"]
[Site "Neum BIH"]
[Date "2003.08.29"]
[Round "9"]
[White "Dumpor,A"]
[Black "Miricanac,Al"]
[Result "1/2-1/2"]
[WhiteElo "2376"]
[BlackElo "2222"]

1.Nf3 d5 2.g3 e6 3.Bg2 c5 4.O-O Nc6 5.d3 g6 6.Nbd2 Bg7 7.e4 Nge7 8.Re1 b6
9.h4 h6 10.c3 Bb7 11.Qc2 Qc7 12.exd5 Nxd5 13.a4 O-O-O 14.Nc4 Rhe8 15.a5 b5
16.a6 Ba8 17.Na3 Qb6 18.Qb3 Nc7 19.Bf4 e5 20.Qxf7 exf4 21.Qxg7 fxg3 22.fxg3 Rg8
23.Qxh6 Rxd3 24.Rad1 c4+ 25.Kh2 Rxf3 26.Bxf3 Qf2+ 27.Kh3 Qxf3 28.Qf4 Ne5
29.Qxe5 Qg2+ 30.Kg4 Qf3+ 31.Kh3 Qg2+ 32.Kg4 Rf8 33.Qd6 Qf3+ 34.Kh3 Qg2+ 35.Kg4  1/2-1/2

[Event "Acropolis Open"]
[Site "Athens GRE"]
[Date "2003.08.30"]
[Round "6"]
[White "Stamenkov,V"]
[Black "Gikas,B"]
[Result "1/2-1/2"]
[WhiteElo "2411"]
[BlackElo "2224"]

1.Nf3 d5 2.g3 Nf6 3.Bg2 c6 4.O-O Bf5 5.d3 e6 6.b3 h6 7.Bb2 Nbd7 8.c4 Bc5
9.Nc3 O-O 10.a3 a5 11.Qc2 Bg4 12.e4 dxe4 13.Nxe4 Nxe4 14.dxe4 Re8 15.Rfd1 Bxf3
16.Bxf3 Qc7 17.Kg2 Be7 18.Be2 Bf6 19.Rd2 Bxb2 20.Qxb2 Rad8 21.Rad1 Nf6 22.e5 Ne4
23.Rxd8 Rxd8 24.f3 Rxd1 25.Bxd1 Qd8 26.Be2 Qd2 27.Qxd2 Nxd2 28.b4 axb4 29.axb4 b6
30.Kf2 c5 31.Ke3 Nb3 32.b5  1/2-1/2

[Event "1st League TCh-SCG"]
[Site "Budva SCG"]
[Date "2003.08.30"]
[Round "2"]
[White "Kosic,D"]
[Black "Sedlak,N"]
[Result "1/2-1/2"]
[WhiteElo "2512"]
[BlackElo "2528"]

1.Nf3 d5 2.g3 c6 3.Bg2 Nf6 4.O-O Bf5 5.d3 h6 6.c4 e6 7.cxd5 exd5 8.Nd4 Bh7
9.Nc3 Bc5 10.Nb3 Bb6 11.e4 dxe4 12.dxe4 Qxd1 13.Rxd1  1/2-1/2

[Event "1st League TCh-SCG"]
[Site "Budva SCG"]
[Date "2003.08.31"]
[Round "3"]
[White "Nikolic,N BIH"]
[Black "Misailovic,N"]
[Result "0-1"]
[WhiteElo "2392"]
[BlackElo "2335"]

1.Nf3 d5 2.g3 Nf6 3.Bg2 Bg4 4.O-O e6 5.d3 Nbd7 6.h3 Bxf3 7.exf3 c5 8.f4 h5
9.c4 Be7 10.Re1 Nb6 11.Qe2 Qd7 12.a4 Rd8 13.a5 Nc8 14.Nd2 Nd6 15.g4 hxg4
16.hxg4 d4 17.b4 cxb4 18.Nb3 Rh4 19.Bf3 Nc8 20.Bd2 Qc7 21.Kg2 Bd6 22.Rh1 Rxh1
23.Rxh1 Bxf4 24.g5 Ng8 25.Rh8 Ne7 26.g6 Qe5 27.gxf7+ Kxf7 28.Qxe5 Bxe5 29.Bxb7 Ng6
30.Rh1 Nf4+ 31.Bxf4 Bxf4 32.Rh4 Be5 33.Re4 Bf6 34.c5 Ne7 35.c6 Nd5 36.a6 Nc7
37.Re1 Rd5 38.Rc1 Rb5 39.Kf3 g5 40.Ke4 Rf5  0-1

[Event "125th ch-NY"]
[Site "Kerhonkson USA"]
[Date "2003.08.31"]
[Round "3"]
[White "Kwartler,L"]
[Black "Benjamin,Joe"]
[Result "0-1"]
[WhiteElo "2256"]
[BlackElo "2583"]

1.Nf3 d5 2.g3 c6 3.Bg2 Bg4 4.O-O Nd7 5.b3 e5 6.Bb2 Bd6 7.d3 Ngf6 8.Nbd2 O-O
9.h3 Bh5 10.e4 Re8 11.Qc1 a5 12.a4 Qb6 13.Nh4 Bb4 14.g4 Bg6 15.Nxg6 hxg6
16.Qd1 Nf8 17.Qe2 Qa6 18.Rad1 Rad8 19.exd5 Nxd5 20.Bxd5 cxd5 21.Qf3 f6 22.c4 Qc6
23.cxd5 Qxd5 24.Qxd5+ Rxd5 25.Nc4 Ne6 26.Nb6 Rdd8 27.Kh2 g5 28.Nc4 Kf7 29.Rg1 Nf4
30.Rg3 Re7 31.Re3 Red7 32.Bxe5 fxe5 33.Nxe5+ Kf6 34.Nxd7+ Rxd7 35.d4 Bd6
36.Kg1 Rc7 37.Rf3 Rc2 38.Rdd3 Rc1+ 39.Kh2 Kg6  0-1

[Event "Polish Extraleague"]
[Site "Lubniewice POL"]
[Date "2003.08.31"]
[Round "2"]
[White "Markowski,T"]
[Black "Przewoznik,J"]
[Result "0-1"]
[WhiteElo "2610"]
[BlackElo "2408"]

1.g3 d5 2.Nf3 Nc6 3.Bg2 e5 4.d3 Be6 5.O-O f6 6.Nbd2 Qd7 7.c3 Bh3 8.b4 Bxg2
9.Kxg2 Nh6 10.a4 Nf7 11.Ba3 Ncd8 12.c4 d4 13.Qb3 Ne6 14.b5 h5 15.Bxf8 Kxf8
16.h4 Rh6 17.Rh1 Rg6 18.Qa3+ Kg8 19.a5 f5 20.Kh2 Rf8 21.Rhe1 Rg4 22.Kh1 e4
23.Nh2 e3 24.fxe3 Rxg3 25.Ndf3 dxe3 26.Rg1 f4 27.Qb2 Nh6 28.Ne5 Qd8 29.Nhf3 Ng4
30.Rxg3 fxg3 31.Rg1 Rf5 32.Ng6 Kh7 33.d4 Kxg6 34.Rxg3 Rxf3  0-1

[Event "1st League TCh-SCG"]
[Site "Budva SCG"]
[Date "2003.09.01"]
[Round "4"]
[White "Lazic,Mi"]
[Black "Kalezic,B"]
[Result "1/2-1/2"]
[WhiteElo "2506"]
[BlackElo "2430"]

1.Nf3 d5 2.g3 c6 3.Bg2 Bg4 4.O-O Nd7 5.d3 Ngf6 6.Nbd2 e5 7.e4 dxe4 8.dxe4 Bc5
9.h3 Bh5 10.Qe1 O-O 11.Nh4 Re8 12.Nb3 Bf8 13.Be3 Qc7 14.a4 c5 15.Qc3 c4 16.Nd2 Rac8
17.a5 b5 18.axb6  1/2-1/2

[Event "1st Misr Closed"]
[Site "Cairo EGY"]
[Date "2003.09.01"]
[Round "1"]
[White "Ezat,M"]
[Black "Adly,A"]
[Result "0-1"]
[WhiteElo "2410"]
[BlackElo "2429"]

1.Nf3 d5 2.g3 Nf6 3.Bg2 e6 4.O-O Nbd7 5.d3 b6 6.e4 dxe4 7.dxe4 Ba6 8.Re1 Bc5
9.h3 e5 10.Nc3 Qe7 11.Nd5 Nxd5 12.Qxd5 O-O-O 13.Qa8+ Nb8 14.Be3 Bb7 15.Bxc5 Qxc5
16.Qxa7 Nc6 17.Qa4 Nd4 18.Rad1 Bc6 19.Qa6+ Kb8 20.Nxd4 exd4 21.Qd3 f6 22.c3 dxc3
23.Qxc3 Qxc3 24.bxc3 Rde8 25.Rd4 Re7 26.Red1 Kb7 27.Rd8 Ree8 28.Rxe8 Rxe8
29.Re1 Ra8 30.Re2 Ra3 31.Rc2 b5 32.f3 Kb6 33.Kf2 Kc5 34.Ke3 Bd7 35.Bf1 Be6
36.Rb2 Rxc3+ 37.Kd2 Rxf3 38.Rxb5+ Kc6 39.Rb1 Bxa2 40.Rc1+ Kd6 41.Bb5 c5 42.Ra1 Bb3
43.Ra6+ Ke5 44.Rc6 c4 45.g4 Kd4 46.Rd6+ Kc5 47.Rd5+ Kb4 48.Ke2 c3 49.Rd7 c2
50.Rc7 Rc3  0-1

[Event "European GP"]
[Site "Izmir TUR"]
[Date "2003.09.01"]
[Round "7"]
[White "Yilmaz,T"]
[Black "Izoria,Z"]
[Result "0-1"]
[WhiteElo "2314"]
[BlackElo "2541"]

1.Nf3 d5 2.g3 c6 3.Bg2 Bg4 4.O-O Nd7 5.d3 e6 6.Nbd2 Bd6 7.b3 Ne7 8.Bb2 O-O
9.c4 a5 10.a3 b5 11.cxb5 cxb5 12.Rc1 Qb6 13.Rc2 Rfc8 14.Rxc8+ Rxc8 15.Qa1 f6
16.Rc1 Rxc1+ 17.Qxc1 e5 18.e3 Be6 19.Ne1 Nc6 20.Qc2 Ne7 21.Qc1 Nb8 22.Qc2 Nbc6
23.Qc1 Kf7 24.Qc2 h6 25.Bf3 Ke8 26.Qc1 Kd7 27.Kf1 d4 28.e4 g6 29.Bd1 Qd8
30.Kg2 h5 31.h4 Nc8 32.a4 bxa4 33.bxa4 Nb6 34.Ba3 Bxa3 35.Qxa3 Qe7 36.Qc1 Qb4
37.Ndf3 Nxa4 38.Bxa4 Qxa4 39.Qh6 Bf7 40.Qg7 Ke7 41.g4 hxg4 42.Nh2 Qd1 43.Nc2 Nd8  0-1

[Event "ch-ROM"]
[Site "Satu Mare ROM"]
[Date "2003.09.01"]
[Round "1.1"]
[White "Grunberg,M"]
[Black "Buescu,N"]
[Result "1-0"]
[WhiteElo "2406"]
[BlackElo "2261"]

1.Nf3 d5 2.g3 Nf6 3.Bg2 c6 4.O-O Bg4 5.c4 e6 6.cxd5 exd5 7.d3 Nbd7 8.Nc3 Be7
9.Qc2 O-O 10.e4 dxe4 11.dxe4 Qa5 12.h3 Bxf3 13.Bxf3 Ne5 14.Be2 Ng6 15.a3 h5
16.f4 h4 17.g4 Bc5+ 18.Kh1 Bd4 19.Bd2 Qd8 20.Rad1 Qe7 21.e5 Bxc3 22.bxc3 Nd5
23.c4 Qxa3 24.Rf3 Qa6 25.Bd3 Nde7 26.Bc3 Rfd8 27.f5 Nf8 28.f6 gxf6 29.exf6 Neg6
30.Qc1 Rxd3 31.Rfxd3 Ne6 32.Qh6 Qb6 33.Re3  1-0

[Event "Acropolis Open"]
[Site "Athens GRE"]
[Date "2003.09.02"]
[Round "9"]
[White "Ignatiadis,K"]
[Black "Kounalakis,E"]
[Result "1-0"]
[WhiteElo "2258"]
[BlackElo "2158"]

1.Nf3 d5 2.g3 Nf6 3.Bg2 g6 4.O-O Bg7 5.d4 O-O 6.c4 dxc4 7.Na3 c3 8.bxc3 c5
9.Bb2 Nc6 10.Nc4 Be6 11.Nce5 Nxe5 12.Nxe5 Bd5 13.f3 Nd7 14.f4 Bxg2 15.Kxg2 Nxe5
16.dxe5 Qb6 17.Qc2 f6 18.exf6 exf6 19.c4 f5 20.Bxg7 Kxg7 21.Rad1 Rad8 22.e4 Qc6
23.Rd5 fxe4 24.Rfd1 Rde8 25.Rd6 Qc8 26.Qc3+ Kg8 27.Qe3 b6 28.h3 Qa6 29.Qe2 Qa4
30.h4 Rf7 31.h5 g5 32.Rd8 gxf4 33.Qxe4 f3+ 34.Kh3 Ref8 35.Qe6 Qc2 36.Rxf8+ Kxf8
37.Rd8+ Kg7 38.h6+  1-0

[Event "Acropolis Open"]
[Site "Athens GRE"]
[Date "2003.09.02"]
[Round "9"]
[White "Nikolaidis,I"]
[Black "Malakhatko,V"]
[Result "0-1"]
[WhiteElo "2478"]
[BlackElo "2498"]

1.Nf3 d5 2.g3 Bg4 3.Bg2 Nd7 4.d3 Ngf6 5.Nbd2 c6 6.O-O e5 7.e4 Bd6 8.b3 O-O
9.Bb2 Re8 10.h3 Bh5 11.Qe1 a5 12.a3 Qc7 13.Kh1 Rad8 14.Nh4 dxe4 15.dxe4 b5
16.Nf5 Bf8 17.f4 Bg6 18.Nh4 exf4 19.gxf4 Nh5 20.e5 Bxc2 21.Rc1 Bd3 22.Rxc6 Qa7
23.Rf3 Nc5 24.Qf2 Qe7 25.Re3 Ne6 26.f5 Nef4 27.Ndf3 Qa7 28.e6 Nxg2 29.Nxg2 Bxf5
30.exf7+ Qxf7 31.Ne5 Rd1+ 32.Kh2 Qd5 33.Qxf5 Rd2 34.Qf3 Qxf3 35.Rxf3 Rxb2
36.Nd7 Bxa3 37.h4 h6 38.Kh3 Rd2 39.Nc5 Ree2  0-1

[Event "Polish Extraleague"]
[Site "Lubniewice POL"]
[Date "2003.09.02"]
[Round "4"]
[White "Markowski,T"]
[Black "Murdzia,P"]
[Result "1-0"]
[WhiteElo "2610"]
[BlackElo "2446"]

1.g3 d5 2.Nf3 g6 3.c4 d4 4.Bg2 Bg7 5.O-O c5 6.d3 Nc6 7.Na3 Nf6 8.Nc2 O-O
9.a3 a5 10.b3 e5 11.Rb1 e4 12.Ng5 exd3 13.exd3 Bg4 14.Qd2 h6 15.h3 Bf5 16.Nf3 g5
17.b4 Nd7 18.Nfe1 axb4 19.axb4 Bg6 20.bxc5 Ra7 21.Rb5 Re8 22.Bb2 Re5 23.Nb4 Nxb4
24.Qxb4 Qf8 25.Bd5 Re2 26.Ba3 Ra2 27.Rxb7 Rxb7 28.Qxb7 Rxa3 29.Qxd7 Qxc5
30.f4 gxf4 31.gxf4 Ra7 32.Qg4 Kh8 33.f5 Bh7 34.f6 Bf8 35.Kh1 Bg6 36.Nf3 Qd6
37.Qxd4 Ra3 38.Ne5 Kh7 39.Qf4 Ra2 40.Bxf7 Bxd3 41.Bd5 Bxf1 42.Qf5+  1-0

[Event "ch-ROM"]
[Site "Satu Mare ROM"]
[Date "2003.09.02"]
[Round "1.2"]
[White "Badea,B"]
[Black "Moraru,M"]
[Result "1-0"]
[WhiteElo "2499"]
[BlackElo "2341"]

1.Nf3 d5 2.g3 c6 3.c4 dxc4 4.Bg2 Nf6 5.O-O Bf5 6.Na3 b5 7.b3 e5 8.bxc4 e4
9.Ne1 b4 10.Nac2 h5 11.Ne3 Bg6 12.Bb2 h4 13.d3 hxg3 14.hxg3 Qa5 15.Bxf6 gxf6
16.dxe4 Qh5 17.Nf3 Bxe4 18.Nh4 Bxg2 19.Kxg2 Qc5 20.Qd3 Nd7 21.Qe4+ Kd8 22.Nhf5 Kc7
23.f4 Rd8 24.Rh1 Rxh1 25.Rxh1 Qa5 26.Rh7 Bc5 27.Rxf7 Qxa2 28.Ng4 b3 29.Nxf6 b2
30.Qe5+ Kb6 31.Rxd7 b1=Q 32.Rxd8 Ka6 33.Rc8 Qg1+ 34.Kh3 Qh1+ 35.Kg4 Qxc4
36.e4 Qf7 37.Kg5 Bb6 38.Rxc6 Qh8 39.Qa1+ Kb7 40.Nd6+ Kxc6 41.Nxf7 Qg7+ 42.Kf5 Qxf7
43.Qc3+  1-0

[Event "It"]
[Site "Sharjah UAE"]
[Date "2003.09.02"]
[Round "9"]
[White "Rahman,Zia"]
[Black "Saeed,M"]
[Result "1-0"]
[WhiteElo "2521"]
[BlackElo "2060"]

1.Nf3 d5 2.g3 Nf6 3.Bg2 e6 4.O-O Be7 5.d4 O-O 6.c4 c6 7.Qc2 b6 8.Rd1 Bb7
9.Ne5 Qc7 10.Nc3 Nbd7 11.Bf4 Nxe5 12.dxe5 Nd7 13.cxd5 cxd5 14.Qd2 Rfd8 15.Rac1 Bc6
16.Bg5 Bxg5 17.Qxg5 Qb7 18.Rd4 Rac8 19.Rcd1 h6 20.Qh5 Qb8 21.f4 Nc5 22.e3 b5
23.b4 Na4 24.Nxa4 bxa4 25.a3 Be8 26.Qh4 Rc3 27.e4 Qb6 28.Kh1 Rxa3 29.exd5 exd5
30.f5 Kh7 31.f6 g6 32.Qf4 Qe6 33.Qc1 Rb3 34.Rh4 h5 35.Qg5 Qf5 36.Rxh5+ Kg8
37.Rh8+  1-0

[Event "1st League TCh-SCG"]
[Site "Budva SCG"]
[Date "2003.09.03"]
[Round "6"]
[White "Drasko,M"]
[Black "Vulinovic,R"]
[Result "1-0"]
[WhiteElo "2491"]
[BlackElo "2224"]

1.Nf3 d5 2.g3 Nf6 3.Bg2 e6 4.c4 Be7 5.O-O O-O 6.b3 b6 7.Bb2 Bb7 8.e3 c5 9.Nc3 dxc4
10.bxc4 Nc6 11.Qe2 Rc8 12.Ne1 Na5 13.f4 Bxg2 14.Nxg2 Qd7 15.d3 Rfd8 16.Rad1 a6
17.a4 Ne8 18.f5 Bf6 19.fxe6 fxe6 20.Nf4 Nc6 21.Nh5 Bxc3 22.Bxc3 e5 23.g4 Qe6
24.h3 g6 25.Ng3 Nd6 26.Qb2 Rb8 27.Qg2 Ne7 28.Rd2 Rf8 29.Rdf2 Rxf2 30.Qxf2 Re8
31.Qb2 Nec8 32.Kh2 h6 33.Qg2 Ne7 34.Rb1 Rb8 35.Ne4 Nxe4 36.Qxe4 Nc6 37.d4 Qf6
38.d5 Qf2+ 39.Kh1 Ne7 40.Qxe5  1-0

[Event "1st League TCh-SCG w"]
[Site "Budva SCG"]
[Date "2003.09.03"]
[Round "6"]
[White "Zelenaya Azaric,G"]
[Black "Zendilovska,K"]
[Result "1/2-1/2"]
[WhiteElo "2121"]
[BlackElo "2101"]

1.Nf3 d5 2.g3 Nf6 3.Bg2 g6 4.O-O Bg7 5.d3 O-O 6.Nbd2 c5 7.e4 Nc6 8.Re1 e5
9.h3 d4 10.Nc4 Qc7 11.a4 Ne8 12.Nh4 Nd6 13.Nxd6 Qxd6 14.f4  1/2-1/2

[Event "1st Misr Closed"]
[Site "Cairo EGY"]
[Date "2003.09.03"]
[Round "3"]
[White "Kosten,A"]
[Black "Vysochin,S"]
[Result "0-1"]
[WhiteElo "2514"]
[BlackElo "2560"]

1.Nf3 d5 2.g3 Bg4 3.Bg2 Nd7 4.c4 e6 5.cxd5 exd5 6.d4 c6 7.Nc3 Ngf6 8.Bf4 Be7
9.O-O O-O 10.Qc2 Re8 11.Rfe1 g6 12.Ne5 Bf5 13.e4 Nxe4 14.Nxe4 Bxe4 15.Bxe4 dxe4
16.Qxe4 Bb4 17.Red1 Nf6 18.Qc2 Nd5 19.Qb3 Qe7 20.Bd2 Rad8 21.Bc3 Bd6 22.Re1 Qc7
23.Nc4 Bf8 24.Ba5 b6 25.Bd2 Bg7 26.Bg5 Rc8 27.Be3 Re6 28.Nd2 Rce8 29.Nf3 Nxe3
30.Rxe3 Rxe3 31.fxe3 c5 32.Rd1 Bh6 33.Ne5 Bxe3+ 34.Qxe3 cxd4 35.Qxd4 Rxe5
36.Qd8+ Qxd8 37.Rxd8+ Kg7 38.Rd7 a5 39.Rb7 Re6 40.Kf2 h5 41.h4 Kf6 42.Kf3 Rc6
43.a3 Ke6 44.Ke4 f6 45.Rb8 Rd6 46.Re8+ Kf7 47.Rb8 g5 48.hxg5 fxg5 49.Ke5 Rd3
50.Rb7+ Ke8 51.Rh7 Re3+ 52.Kd6 Rxg3 53.Rxh5 Kf7 54.b4 Kg6 55.Rh8 axb4 56.axb4 Rb3
57.Rg8+ Kf5  0-1

[Event "1st Misr Closed"]
[Site "Cairo EGY"]
[Date "2003.09.03"]
[Round "3"]
[White "Amin,B"]
[Black "Adly,A"]
[Result "1-0"]
[WhiteElo "2342"]
[BlackElo "2429"]

1.Nf3 d5 2.g3 Nf6 3.Bg2 g6 4.O-O Bg7 5.d3 c5 6.Nbd2 O-O 7.e4 Nc6 8.Re1 Rb8
9.c3 e5 10.a3 dxe4 11.dxe4 b5 12.b4 Be6 13.Ng5 c4 14.a4 a6 15.Nxe6 fxe6 16.Nf1 Qc7
17.Be3 Rbd8 18.Qc2 Rd3 19.axb5 axb5 20.Red1 Rfd8 21.Rxd3 Rxd3 22.Bf3 Qb7
23.Rd1 Rxd1 24.Qxd1 Bf8 25.h4 Be7 26.Nh2 Qd7 27.Qe2 Nd4 28.cxd4 exd4 29.Bg5 d3
30.Qb2 Kf7 31.Bd2 Qa7 32.g4 Bf8 33.g5 Nd7 34.Ng4 Bg7 35.e5 Qc7 36.Bc3 Nb6
37.Qd2 Na4 38.Nf6 Qd8 39.Ba1 Qc7 40.Bd4 Qd8 41.Qf4 Ke7 42.Bc6 Qb8 43.Ne8 c3
44.Nxg7 Qf8 45.Qf6+ Qxf6 46.gxf6+ Kf7 47.Bxb5 c2 48.Be3 Nb2 49.Be8+  1-0

[Event "VII Pablo Gorbea"]
[Site "Madrid ESP"]
[Date "2003.09.03"]
[Round "3"]
[White "Belezky,S"]
[Black "Quevedo Marin,M"]
[Result "1-0"]
[WhiteElo "2388"]
[BlackElo "2175"]

1.Nf3 d5 2.g3 Nc6 3.d4 Bg4 4.Nbd2 Nf6 5.Bg2 Qd7 6.h3 Bf5 7.c3 h6 8.Ne5 Nxe5
9.dxe5 Ne4 10.g4 Bh7 11.Nxe4 dxe4 12.Qxd7+ Kxd7 13.Be3 f6 14.O-O-O+ Ke6 15.f4 f5
16.gxf5+ Bxf5 17.h4 g6 18.Rd4 c5 19.Ra4 b6 20.Bxe4 Bxe4 21.Rxe4 Bg7 22.Rg1 Rhg8
23.Bd2 h5 24.Ra4 Kf7 25.Ra6 e6 26.a4 Bf8 27.a5 Be7 28.Be1 Rgb8 29.Bf2 Bd8
30.Rd1 Ke7 31.Rg1 Kf7 32.Rd1 Ke7 33.Kc2 Rc8 34.axb6 axb6 35.Rda1 Rxa6 36.Rxa6 Rc6
37.Kb3 Kd7 38.Kc4 Rc8 39.Ra1 Kc6 40.Rg1 Ra8 41.Rxg6 Ra4+ 42.b4 b5+ 43.Kb3 c4+
44.Kb2 Kd5 45.Rg8 Be7 46.Re8 Bxb4 47.cxb4 Rxb4+ 48.Kc2 Ra4 49.Rd8+ Ke4 50.Rd4+ Kf5
51.Be3 Ra2+ 52.Kd1 Ra3 53.Bc1 Rh3 54.e4+ Kg4 55.f5 Kf3 56.fxe6  1-0